[Event "Tashkent Agzamov Memorial 18th"]
[Site "Tashkent"]
[Date "2025.03.21"]
[Round "2"]
[White "Rakhmatullaev, Almas"]
[Black "Sherali, Pattnaik"]
[Result "1-0"]
[WhiteElo "2413"]
[BlackElo "1942"]
[PlyCount "71"]
[EventDate "2025.03.20"]
[EventType "swiss"]
[EventRounds "10"]
[EventCountry "UZB"]
[SourceTitle "CB14_2025"]
[SourceDate "2024.11.01"]
[SourceVersion "1"]
[SourceVersionDate "2024.11.01"]
[SourceQuality "1"]

1. b3 d5 2. Bb2 Bf5 3. d3 Nc6 4. Nf3 Qd7 5. Nbd2 Nf6 6. e3 0-0-0 7. a3 e6 8. b4 Bd6 9. b5 Ne7 10. a4 Ng6 11. d4 Ne4 12. a5 f6 13. Be2 Ne7 14. 0-0 g5 15. Nxe4 Bxe4 16. Nd2 Bg6 17. c4 c6 18. c5 Bb8 19. a6 Qc7 20. g3 b6 21. Qa4 Kd7 22. Ba3 Nc8 23. Rfc1 Ke8 24. cxb6 Nxb6 25. Qd1 h5 26. Rxc6 Qf7 27. Bc5 h4 28. g4 Nc8 29. b6 Ne7 30. Bb5 Kf8 31. bxa7 Bxa7 32. Bb4 Rb8 33. Qa4 Qe8 34. Rc7 Rxb5 35. Rxe7 Qb8 36. Rb7+ 1-0

[Event "Titled Tuesday intern op 25th Feb Early"]
[Site "Chess.com INT"]
[Date "2025.02.25"]
[Round "2"]
[White "Sherali, Pattnaik"]
[Black "Arun, Kataria"]
[Result "0-1"]
[WhiteElo "1942"]
[BlackElo "2353"]
[PlyCount "62"]
[EventDate "2025.02.25"]
[EventType "swiss (blitz)"]
[EventRounds "11"]
[EventCountry "USA"]
[SourceTitle "CB10_2025"]
[SourceDate "2025.03.05"]
[SourceVersion "1"]
[SourceVersionDate "2025.03.05"]
[SourceQuality "1"]

1. d4 Nf6 2. c4 e6 3. Nc3 Bb4 4. f3 d5 5. cxd5 exd5 6. e3 0-0 7. Bd3 c5 8. Nge2 Nc6 9. 0-0 Re8 10. Kh1 Ne7 11. a3 Bxc3 12. Nxc3 cxd4 13. exd4 Nf5 14. Bc2 Ne3 15. Bxe3 Rxe3 16. Qd2 Re8 17. Rfe1 Be6 18. Qd3 g6 19. Rac1 Qb6 20. Na4 Qd6 21. Nc5 b6 22. Nxe6 Rxe6 23. Rxe6 Qxe6 24. Bb1 Re8 25. g3 Qe2 26. Qxe2 Rxe2 27. Bd3 Rxb2 28. Rc7 Rb3 29. Ba6 Rxf3 30. Rxa7 Rxa3 31. Kg2 Kg7 0-1

[Event "Titled Tuesday intern op 25th Feb Early"]
[Site "Chess.com INT"]
[Date "2025.02.25"]
[Round "4"]
[White "Sherali, Pattnaik"]
[Black "Shafer, Logan Clark"]
[Result "1-0"]
[WhiteElo "1942"]
[BlackElo "2162"]
[PlyCount "163"]
[EventDate "2025.02.25"]
[EventType "swiss (blitz)"]
[EventRounds "11"]
[EventCountry "USA"]
[SourceTitle "CB10_2025"]
[SourceDate "2025.03.05"]
[SourceVersion "1"]
[SourceVersionDate "2025.03.05"]
[SourceQuality "1"]

1. Nf3 d5 2. g3 g6 3. Bg2 Bg7 4. 0-0 e5 5. d3 Ne7 6. Nbd2 0-0 7. e4 c6 8. c3 Nd7 9. Qc2 Nc5 10. Rd1 dxe4 11. dxe4 Qd3 12. Qxd3 Nxd3 13. Nf1 Nxc1 14. Raxc1 Be6 15. b3 Rfd8 16. Ng5 Bd7 17. Ne3 h6 18. Nf3 Be6 19. Bf1 b5 20. Nc2 a5 21. Nce1 Kf8 22. Nd3 Bg4 23. Bg2 f5 24. Nc5 Kf7 25. h3 Bxf3 26. Bxf3 f4 27. Bg4 h5 28. Be6+ Kf6 29. b4 g5 30. bxa5 Rxd1+ 31. Rxd1 Rxa5 32. Bb3 g4 33. Rd6+ Kg5 34. Ne6+ Kh6 35. Nxf4+ Kh7 36. Nxh5 gxh3 37. Rd7 Bf8 38. Nf6+ Kg6 39. Ng4 b4 40. cxb4 Rb5 41. a3 Kg5 42. Ne3 c5 43. Bc4 Rb8 44. bxc5 Ng6 45. Kh2 Bxc5 46. Kxh3 Bxa3 47. Kg2 Bc5 48. Nd5 Rb2 49. Rf7 Rc2 50. Rf5+ Kh6 51. Bd3 Rd2 52. Bb5 Kg7 53. Be8 Nf8 54. Nf6 Ne6 55. Nh5+ Kh6 56. Rf6+ Kg5 57. Rxe6 Rxf2+ 58. Kh3 Rf1 59. Rg6+ Kxh5 60. Rf6+ Kg5 61. Rxf1 Bd4 62. Rf5+ Kh6 63. Kh4 Bc3 64. g4 Be1+ 65. Kh3 Bc3 66. g5+ Kg7 67. g6 Bb2 68. Kg4 Bc3 69. Kg5 Bd2+ 70. Kh5 Bf4 71. Rf7+ Kg8 72. g7 Bh6 73. Kg6 Bxg7 74. Rxg7+ Kf8 75. Rh7 Kg8 76. Ra7 Kf8 77. Kf6 Kxe8 78. Ke6 Kd8 79. Kd6 Kc8 80. Kc6 Kb8 81. Rh7 Ka8 82. Kb6 1-0

[Event "IND-ch U15 Girls 40th"]
[Site "Hosur"]
[Date "2024.11.07"]
[Round "6"]
[White "Sherali, Pattnaik"]
[Black "Jeevika, S1."]
[Result "0-1"]
[WhiteElo "1877"]
[BlackElo "2047"]
[PlyCount "108"]
[EventDate "2024.11.03"]
[EventType "swiss"]
[EventRounds "11"]
[EventCountry "IND"]
[SourceTitle "CB45_2024"]
[Source "ChessBase"]
[SourceDate "2024.11.06"]
[SourceVersion "1"]
[SourceVersionDate "2024.11.06"]
[SourceQuality "1"]

1. e4 c5 2. Nf3 Nc6 3. d4 cxd4 4. Nxd4 e5 5. Nb5 d6 6. N1c3 a6 7. Na3 Be7 8. Be3 Nf6 9. Nc4 b5 10. Nb6 Rb8 11. Nbd5 0-0 12. Be2 Nxd5 13. Nxd5 Be6 14. 0-0 Bg5 15. Bxg5 Qxg5 16. Ne3 Rfd8 17. c3 Ne7 18. Qd2 d5 19. Rad1 d4 20. Nd5 Qh4 21. Nxe7+ Qxe7 22. f4 dxc3 23. Qxc3 exf4 24. Rxd8+ Rxd8 25. Rxf4 Rc8 26. Qe3 Bxa2 27. Bd3 h6 28. h4 Rd8 29. e5 Re8 30. Qe4 Qc5+ 31. Kh1 g6 32. Rf6 Qxe5 33. Qxe5 Rxe5 34. Rxa6 Bc4 35. Bxc4 bxc4 36. Rc6 Re4 37. g3 Re2 38. Rxc4 Rxb2 39. Kg1 Kg7 40. g4 Kf6 41. Rf4+ Kg7 42. Ra4 Re2 43. Rb4 Kf6 44. Rf4+ Ke6 45. Kh1 f6 46. Ra4 Ke5 47. Kg1 Re4 48. Ra5+ Kf4 49. Ra6 Kg3 50. Kf1 Rf4+ 51. Ke2 Kxg4 52. Ke3 Rf5 53. Ra1 Re5+ 54. Kf2 Kxh4 0-1

[Event "IND-ch U15 Girls 40th"]
[Site "Hosur"]
[Date "2024.11.05"]
[Round "4"]
[White "Prishita, Gupta"]
[Black "Sherali, Pattnaik"]
[Result "1-0"]
[WhiteElo "1948"]
[BlackElo "1877"]
[PlyCount "61"]
[EventDate "2024.11.03"]
[EventType "swiss"]
[EventRounds "11"]
[EventCountry "IND"]
[SourceTitle "CB45_2024"]
[Source "ChessBase"]
[SourceDate "2024.11.06"]
[SourceVersion "1"]
[SourceVersionDate "2024.11.06"]
[SourceQuality "1"]

1. e4 e6 2. d4 d5 3. e5 c5 4. c3 Nc6 5. Nf3 Qb6 6. Bd3 cxd4 7. 0-0 Bd7 8. Re1 Nge7 9. h4 a6 10. Nbd2 dxc3 11. bxc3 Ng6 12. Nb3 Qc7 13. Qe2 f6 14. exf6 gxf6 15. c4 0-0-0 16. Be3 Nf4 17. Bxf4 Qxf4 18. cxd5 exd5 19. Bxa6 bxa6 20. Qxa6+ Kc7 21. Rec1 Qb4 22. Nbd4 Qb7 23. Qa5+ Qb6 24. Rxc6+ Bxc6 25. Ne6+ Kb7 26. Nxd8+ Kc7 27. Nxc6 Kxc6 28. Rc1+ Kb7 29. Qxd5+ Ka7 30. Qd7+ Kb8 31. Rc8# 1-0

[Event "IND-ch (Women) 50th"]
[Site "Karaikudi"]
[Date "2024.10.13"]
[Round "11"]
[White "Isha, Sharma"]
[Black "Sherali, Pattnaik"]
[Result "1-0"]
[WhiteElo "2228"]
[BlackElo "1891"]
[PlyCount "105"]
[EventDate "2024.10.03"]
[EventType "swiss"]
[EventRounds "11"]
[EventCountry "IND"]
[SourceTitle "CB47_2024"]
[SourceDate "2024.11.20"]
[SourceVersion "1"]
[SourceVersionDate "2024.11.20"]
[SourceQuality "1"]

1. e4 e6 2. d3 d5 3. Nd2 Nc6 4. Ngf3 Nf6 5. g3 dxe4 6. dxe4 e5 7. Bg2 Bc5 8. 0-0 a5 9. c3 Qd3 10. Nb3 Qxd1 11. Rxd1 Ba7 12. Re1 a4 13. Nbd2 Be6 14. h3 0-0 15. Bf1 Rfd8 16. Nc4 Nd7 17. Ng5 Nc5 18. Be3 Bc8 19. Na3 Ne6 20. Nf3 f6 21. Bxa7 Nxa7 22. Rad1 Rxd1 23. Rxd1 Kf8 24. Nh4 g6 25. Ng2 Ke7 26. Ne3 c6 27. h4 Nc5 28. f3 Be6 29. Nac4 b5 30. Na5 Rd8 31. Ra1 Rd2 32. b4 Nd7 33. c4 Kd8 34. a3 Kc7 35. Rc1 Kb6 36. cxb5 cxb5 37. Rc3 Rd6 38. Kf2 Nf8 39. f4 Rd2+ 40. Ke1 Rd4 41. Bg2 Nd7 42. f5 Bf7 43. fxg6 hxg6 44. h5 Rd6 45. hxg6 Bxg6 46. Nd5+ Ka6 47. Rc7 Nb6 48. Nb7 Rc6 49. Nc5+ Rxc5 50. bxc5 Nxd5 51. exd5 b4 52. Bf1+ Ka5 53. Rxa7# 1-0

[Event "Titled Tuesday intern op 10th Sep Early"]
[Site "Chess,com INT"]
[Date "2024.09.10"]
[Round "9"]
[White "Brancaleoni, Maurizio"]
[Black "Sherali, Pattnaik"]
[Result "0-1"]
[WhiteElo "2180"]
[BlackElo "1915"]
[PlyCount "82"]
[EventDate "2024.09.10"]
[EventType "swiss (blitz)"]
[EventRounds "11"]
[EventCountry "USA"]
[SourceTitle "EXT 2025"]
[Source "ChessBase"]
[SourceDate "2024.10.14"]
[SourceVersion "1"]
[SourceVersionDate "2024.10.14"]
[SourceQuality "1"]

1. Nf3 d5 2. d4 Nf6 3. c4 e6 4. g3 Bb4+ 5. Bd2 Be7 6. Bg2 0-0 7. Qb3 c5 8. 0-0 Nc6 9. dxc5 Bxc5 10. cxd5 Nxd5 11. Nc3 Nxc3 12. Bxc3 Qe7 13. Ne5 Nxe5 14. Bxe5 f6 15. Bc3 Rb8 16. Rfd1 Kh8 17. Bd4 Bxd4 18. Rxd4 e5 19. Rd2 Bf5 20. Rad1 b6 21. Rd6 Rfd8 22. Qa3 Rxd6 23. Qxd6 Qxd6 24. Rxd6 Kg8 25. b4 Kf7 26. b5 Ke7 27. Rd2 Rd8 28. Rxd8 Kxd8 29. e4 Be6 30. a3 Kc7 31. Bf1 Kd6 32. f3 Kc5 33. Kf2 Bc4 34. Bh3 Bxb5 35. Ke3 Kc4 36. Bf1+ Kc5 37. Bh3 a6 38. Kd2 Kc4 39. Bf1+ Kb3 40. Bxb5 axb5 41. Kd3 Kxa3 0-1

[Event "Titled Tuesday intern op 10th Sep Early"]
[Site "Chess,com INT"]
[Date "2024.09.10"]
[Round "6"]
[White "Parfenov, Viktor N"]
[Black "Sherali, Pattnaik"]
[Result "1-0"]
[WhiteElo "2193"]
[BlackElo "1915"]
[PlyCount "85"]
[EventDate "2024.09.10"]
[EventType "swiss (blitz)"]
[EventRounds "11"]
[EventCountry "USA"]
[SourceTitle "EXT 2025"]
[Source "ChessBase"]
[SourceDate "2024.10.14"]
[SourceVersion "1"]
[SourceVersionDate "2024.10.14"]
[SourceQuality "1"]

1. e4 e5 2. Nf3 Nc6 3. Bc4 Nf6 4. d3 Bc5 5. c3 0-0 6. 0-0 a6 7. Re1 d6 8. a4 Ne7 9. d4 exd4 10. cxd4 Ba7 11. h3 Ng6 12. Bd3 Nh5 13. Nc3 Nhf4 14. Bf1 Re8 15. Kh2 Bd7 16. g3 Ne6 17. h4 c6 18. h5 Ngf8 19. h6 Qf6 20. hxg7 Qxg7 21. Be3 Ng6 22. b4 d5 23. e5 f6 24. Bd3 fxe5 25. Bxg6 hxg6 26. Nxe5 Rf8 27. f3 Rae8 28. Kg2 Bc8 29. Qd2 Nd8 30. g4 Qc7 31. Rh1 Nf7 32. Nxg6 Bb8 33. Bf4 Nd6 34. Be5 Rxe5 35. dxe5 Nc4 36. Qg5 Qg7 37. Rh8+ Kf7 38. Rxf8+ Qxf8 39. Qf6+ Ke8 40. Qxf8+ Kd7 41. e6+ Kxe6 42. Qxc8+ Kd6 43. Qxb8+ 1-0

[Event "Titled Tuesday intern op 10th Sep Early"]
[Site "Chess,com INT"]
[Date "2024.09.10"]
[Round "7"]
[White "Sherali, Pattnaik"]
[Black "Bogaudinov, Rushan"]
[Result "1-0"]
[WhiteElo "1915"]
[BlackElo "1912"]
[PlyCount "75"]
[EventDate "2024.09.10"]
[EventType "swiss (blitz)"]
[EventRounds "11"]
[EventCountry "USA"]
[SourceTitle "EXT 2025"]
[Source "ChessBase"]
[SourceDate "2024.10.14"]
[SourceVersion "1"]
[SourceVersionDate "2024.10.14"]
[SourceQuality "1"]

1. e4 a5 2. d4 a4 3. Nc3 h5 4. a3 h4 5. Bb5 c6 6. Bxa4 b5 7. Bb3 b4 8. Nce2 d6 9. Bd2 bxa3 10. bxa3 Nf6 11. h3 Nxe4 12. Nf3 e6 13. 0-0 Be7 14. Be3 Nd7 15. c4 Ndf6 16. Re1 Qa5 17. Qc2 Bd7 18. a4 d5 19. c5 Bd8 20. Bf4 Nh5 21. Bh2 g5 22. Qc1 Rg8 23. Bc2 f5 24. Ne5 Qd2 25. Qb2 Nf4 26. Qb7 Rg7 27. Bxf4 gxf4 28. Qxa8 Qxc2 29. a5 Qb3 30. Nxc6 Bxc6 31. Qxc6+ Kf7 32. Nxf4 Ng5 33. Nxe6 Nxh3+ 34. Kh2 Nxf2 35. Nxd8+ Kg8 36. Qe8+ Kh7 37. Qh5+ Kg8 38. Re8# 1-0

[Event "Titled Tuesday intern op 10th Sep Early"]
[Site "Chess,com INT"]
[Date "2024.09.10"]
[Round "8"]
[White "Sherali, Pattnaik"]
[Black "Napoli, Nicolo"]
[Result "0-1"]
[WhiteElo "1915"]
[BlackElo "2228"]
[PlyCount "152"]
[EventDate "2024.09.10"]
[EventType "swiss (blitz)"]
[EventRounds "11"]
[EventCountry "USA"]
[SourceTitle "EXT 2025"]
[Source "ChessBase"]
[SourceDate "2024.10.14"]
[SourceVersion "1"]
[SourceVersionDate "2024.10.14"]
[SourceQuality "1"]

1. e4 g6 2. d4 Bg7 3. Nc3 c6 4. Nf3 d5 5. e5 Bg4 6. h3 Bxf3 7. Qxf3 f6 8. exf6 Nxf6 9. Bd3 0-0 10. Qe2 Qd6 11. 0-0 Nbd7 12. Re1 Rae8 13. Bg5 e5 14. dxe5 Rxe5 15. Qd2 Rfe8 16. Rxe5 Qxe5 17. Bf4 Qe7 18. Kf1 Nh5 19. Bh2 Qh4 20. Re1 Rf8 21. Nd1 Bh6 22. Qe2 Nc5 23. Bd6 Nf4 24. Qe5 Ncxd3 25. cxd3 Bg7 26. Qe3 Rf7 27. Qxa7 Bf8 28. Re8 Qf6 29. Be5 Qf5 30. Bxf4 Qxd3+ 31. Kg1 Qxd1+ 32. Kh2 Rxf4 33. Qxb7 Qd4 34. Qxc6 Rf7 35. Qe6 Qf4+ 36. Kh1 Qxf2 37. Qxd5 Qxb2 38. a4 Kg7 39. a5 Qa1+ 40. Kh2 Qa3 41. Re6 Qb4 42. Qe5+ Kg8 43. Qd5 Qf4+ 44. Kh1 Qf1+ 45. Kh2 Qf4+ 46. Kh1 Qb8 47. Rf6 Qb1+ 48. Kh2 Qb7 49. Qa2 Qc7+ 50. Kh1 Kg7 51. Re6 Bd6 52. Qb2+ Kh6 53. Qd2+ Bf4 54. Qe1 Qc1 55. Qxc1 Bxc1 56. a6 Rf1+ 57. Kh2 Bf4+ 58. g3 Bb8 59. Kg2 Rb1 60. Re7 Rb2+ 61. Kf3 Bd6 62. Rd7 Rb3+ 63. Ke4 Bxg3 64. a7 Ra3 65. Kd5 Bf2 66. Ke6 Ra6+ 67. Kf7 Rxa7 68. Kg8 Rxd7 69. h4 Bd4 70. h5 gxh5 71. Kf8 h4 72. Kg8 Rg7+ 73. Kf8 h3 74. Ke8 h2 75. Kf8 h1Q 76. Ke8 Qa8# 0-1

[Event "Titled Tuesday intern op 10th Sep Early"]
[Site "Chess,com INT"]
[Date "2024.09.10"]
[Round "2"]
[White "Womacka, Mathias"]
[Black "Sherali, Pattnaik"]
[Result "1/2-1/2"]
[WhiteElo "2345"]
[BlackElo "1915"]
[PlyCount "81"]
[EventDate "2024.09.10"]
[EventType "swiss (blitz)"]
[EventRounds "11"]
[EventCountry "USA"]
[SourceTitle "EXT 2025"]
[Source "ChessBase"]
[SourceDate "2024.10.14"]
[SourceVersion "1"]
[SourceVersionDate "2024.10.14"]
[SourceQuality "1"]

1. e4 e5 2. Nf3 Nc6 3. Bb5 a6 4. Bxc6 dxc6 5. 0-0 Bd6 6. d4 exd4 7. Qxd4 f6 8. Be3 Ne7 9. Nbd2 0-0 10. Nc4 Ng6 11. Rad1 Qe7 12. Nxd6 cxd6 13. Qxd6 Qxe4 14. Bc5 Bg4 15. Rd4 Qf5 16. Nd2 Ne5 17. Qc7 Rfc8 18. Qxb7 Qxc2 19. Ne4 Rab8 20. Qa7 Be2 21. Rd2 Qxe4 22. Re1 Rd8 23. f3 Qg6 24. Rdxe2 Nxf3+ 25. Kf2 Nxe1 26. Kxe1 Qb1+ 27. Kf2 Rxb2 28. Qxa6 Rxe2+ 29. Qxe2 Qc1 30. Qe6+ Kh8 31. Be7 Rd2+ 32. Kg3 Qc3+ 33. Kh4 Rd4+ 34. g4 h6 35. Bxf6 gxf6 36. Qe8+ Kh7 37. Qf7+ Kh8 38. Qf8+ Kh7 39. Qf7+ Kh8 40. Qf8+ Kh7 41. Qf7+ 1/2-1/2

[Event "Titled Tuesday intern op 27th Aug Early"]
[Site "Chess.com INT"]
[Date "2024.08.27"]
[Round "3"]
[White "Sherali, Pattnaik"]
[Black "Kashefi, Amir Hossein"]
[Result "0-1"]
[WhiteElo "2029"]
[BlackElo "2188"]
[PlyCount "102"]
[EventDate "2024.08.27"]
[EventType "swiss (blitz)"]
[EventRounds "11"]
[EventCountry "USA"]
[SourceTitle "EXT 2025"]
[Source "ChessBase"]
[SourceDate "2024.10.14"]
[SourceVersion "1"]
[SourceVersionDate "2024.10.14"]
[SourceQuality "1"]

1. e4 e5 2. Nf3 Nc6 3. Bc4 Nf6 4. 0-0 Nxe4 5. Re1 Nd6 6. Nxe5 Be7 7. Nxc6 dxc6 8. Bb3 0-0 9. d4 Bf5 10. Bf4 Bf6 11. c3 Qd7 12. Nd2 Rfe8 13. Nf3 Bg4 14. Qd3 Bf5 15. Qd2 Ne4 16. Qd1 Bg4 17. h3 Bh5 18. Qd3 Nc5 19. Rxe8+ Rxe8 20. Qd1 Ne4 21. g4 Bxg4 22. hxg4 Qxg4+ 23. Bg3 Nxg3 24. fxg3 Qxg3+ 25. Kf1 Re3 26. Ne1 Qf4+ 27. Kg1 Rg3+ 28. Ng2 Qe4 29. Qf1 h5 30. Re1 Rxg2+ 31. Qxg2 Qxe1+ 32. Kh2 Qh4+ 33. Kg1 Qg5 34. Qxg5 Bxg5 35. d5 c5 36. Bd1 g6 37. Kg2 Kg7 38. Kf3 Bc1 39. b3 Bb2 40. c4 Be5 41. Ke4 Bd6 42. a3 f5+ 43. Kd3 Kf6 44. Kc3 h4 45. b4 b6 46. Kb3 g5 47. Ka4 g4 48. Kb5 h3 49. Ka6 h2 50. Kxa7 cxb4 51. Kb7 bxa3 0-1

[Event "Speed Chess (Women) Play In 4"]
[Site "Chess.com INT"]
[Date "2024.08.16"]
[Round "8"]
[White "Kaldarova, Ayaulym"]
[Black "Sherali, Pattnaik"]
[Result "0-1"]
[WhiteElo "2231"]
[BlackElo "2029"]
[PlyCount "46"]
[EventDate "2024.08.16"]
[EventType "swiss (blitz)"]
[EventRounds "11"]
[EventCountry "USA"]
[SourceTitle "CBM 221 Extra"]
[Source "ChessBase"]
[SourceDate "2024.09.30"]
[SourceVersion "1"]
[SourceVersionDate "2024.09.30"]
[SourceQuality "1"]

1. Nf3 d5 2. g3 Nf6 3. Bg2 g6 4. b3 Bg7 5. Bb2 0-0 6. 0-0 c5 7. c4 Nc6 8. d4 cxd4 9. Nxd4 Nxd4 10. Bxd4 dxc4 11. bxc4 Bf5 12. Na3 Qa5 13. Qb3 Rfd8 14. e3 e5 15. Bc3 Qb6 16. Bxe5 Qe6 17. Bd4 Be4 18. Bxe4 Nxe4 19. Rfd1 Ng5 20. Bxg7 Kxg7 21. Qb2+ Kg8 22. Qe2 Qe4 23. Nb5 Nh3+ 0-1

[Event "Speed Chess (Women) Play In 4"]
[Site "Chess.com INT"]
[Date "2024.08.16"]
[Round "1"]
[White "Shubenkova, Veronika"]
[Black "Sherali, Pattnaik"]
[Result "1-0"]
[WhiteElo "2024"]
[BlackElo "2029"]
[PlyCount "67"]
[EventDate "2024.08.16"]
[EventType "swiss (blitz)"]
[EventRounds "11"]
[EventCountry "USA"]
[SourceTitle "CBM 221 Extra"]
[Source "ChessBase"]
[SourceDate "2024.09.30"]
[SourceVersion "1"]
[SourceVersionDate "2024.09.30"]
[SourceQuality "1"]

1. d4 d5 2. e3 Nf6 3. f4 c5 4. c3 Nc6 5. Nf3 Bf5 6. Bd3 Bxd3 7. Qxd3 e6 8. Nbd2 Be7 9. 0-0 0-0 10. b3 Rc8 11. Bb2 cxd4 12. exd4 Ng4 13. h3 Nh6 14. Rae1 Bd6 15. Ne5 f6 16. Nxc6 Rxc6 17. Rxe6 Qc7 18. Qf3 Nf5 19. Qxd5 Kh8 20. Qxf5 Qd7 21. d5 Ra6 22. a4 g6 23. Qe4 f5 24. c4+ Kg8 25. Qe2 Rb6 26. Bd4 Ra6 27. Nf3 Bxf4 28. Rxa6 bxa6 29. Ne5 Bxe5 30. Qxe5 Re8 31. Qh8+ Kf7 32. Qxh7+ Kf8 33. Qxg6 Re4 34. Rxf5+ 1-0

[Event "Speed Chess (Women) Play In 3"]
[Site "Chess.com INT"]
[Date "2024.08.15"]
[Round "6"]
[White "Figueroa Bernal, Julia Dennis Paloma"]
[Black "Sherali, Pattnaik"]
[Result "1-0"]
[WhiteElo "1866"]
[BlackElo "2029"]
[PlyCount "59"]
[EventDate "2024.08.15"]
[EventType "swiss (blitz)"]
[EventRounds "11"]
[EventCountry "USA"]
[SourceTitle "CBM 221 Extra"]
[Source "ChessBase"]
[SourceDate "2024.09.30"]
[SourceVersion "1"]
[SourceVersionDate "2024.09.30"]
[SourceQuality "1"]

1. e4 e5 2. Nf3 Nc6 3. d4 exd4 4. Nxd4 Nf6 5. Nxc6 bxc6 6. Qe2 Bc5 7. e5 Nd5 8. c4 Ba6 9. Qg4 Nb4 10. Qxg7 Rf8 11. Na3 Qe7 12. Bg5 Qe6 13. Bf6 Bd4 14. Rb1 d6 15. Be2 Kd7 16. Bg4 Nd3+ 17. Kd2 Nxf2 18. Bxe6+ Kxe6 19. Rhe1 Rg8 20. exd6+ Kxd6 21. Be5+ Bxe5 22. Qxe5+ Kd7 23. Qf5+ Kd8 24. Qxf2 Rg6 25. Rbd1 Kc8 26. Kc1 Kb7 27. Re7 Rag8 28. Rdd7 Rxg2 29. Rxc7+ Kb8 30. Qxa7# 1-0

[Event "Speed Chess (Women) Play In 3"]
[Site "Chess.com INT"]
[Date "2024.08.15"]
[Round "3"]
[White "Sherali, Pattnaik"]
[Black "Shubhi, Gupta"]
[Result "0-1"]
[WhiteElo "2029"]
[BlackElo "2063"]
[PlyCount "72"]
[EventDate "2024.08.15"]
[EventType "swiss (blitz)"]
[EventRounds "11"]
[EventCountry "USA"]
[SourceTitle "CBM 221 Extra"]
[Source "ChessBase"]
[SourceDate "2024.09.30"]
[SourceVersion "1"]
[SourceVersionDate "2024.09.30"]
[SourceQuality "1"]

1. e4 e5 2. Nf3 Nc6 3. Bc4 Bc5 4. 0-0 d6 5. h3 Nf6 6. d3 0-0 7. c3 h6 8. a4 a5 9. Nbd2 Be6 10. Bb3 Ne7 11. Re1 Ng6 12. Nf1 Qd7 13. d4 Bb6 14. Ng3 Rad8 15. Be3 exd4 16. cxd4 d5 17. e5 Ne4 18. Nf1 c5 19. dxc5 Bxc5 20. Bxc5 Nxc5 21. Bc2 d4 22. Bxg6 fxg6 23. Qc2 Na6 24. Qxg6 Bxh3 25. Ng3 Be6 26. Nh4 Nc5 27. Nh5 Qf7 28. Qxf7+ Rxf7 29. Ng3 Rdf8 30. f3 d3 31. Rad1 Rd8 32. Rd2 Nb3 33. Rdd1 d2 34. Re3 Rc7 35. Kf2 Rc1 36. Ke2 Bc4+ 0-1

[Event "Speed Chess (Women) Play In 2"]
[Site "Chess.com INT"]
[Date "2024.08.14"]
[Round "6"]
[White "Sherali, Pattnaik"]
[Black "Kaldarova, Ayaulym"]
[Result "1-0"]
[WhiteElo "2029"]
[BlackElo "2231"]
[PlyCount "83"]
[EventDate "2024.08.14"]
[EventType "swiss (blitz)"]
[EventRounds "11"]
[EventCountry "USA"]
[SourceTitle "CBM 221 Extra"]
[Source "ChessBase"]
[SourceDate "2024.09.30"]
[SourceVersion "1"]
[SourceVersionDate "2024.09.30"]
[SourceQuality "1"]

1. e4 d6 2. d4 Nf6 3. Nc3 g6 4. Bg5 Bg7 5. Qd2 h6 6. Bh4 0-0 7. 0-0-0 Nbd7 8. Kb1 c5 9. dxc5 Nxc5 10. e5 Nfe4 11. Nxe4 Nxe4 12. Qd5 Bf5 13. g4 Qb6 14. Qb3 Be6 15. Qxb6 axb6 16. a3 g5 17. Bg3 dxe5 18. f3 Nxg3 19. hxg3 e4 20. fxe4 Bxg4 21. Be2 Be6 22. Nh3 Rfc8 23. Nf2 Rc5 24. c3 Rac8 25. Ng4 Kh7 26. Ne3 Be5 27. g4 b5 28. Nf5 Bxf5 29. exf5 R8c7 30. Bd3 Kg7 31. Bc2 Rc4 32. Rd5 Bf6 33. Bd1 R4c5 34. Rd3 Re5 35. Rdh3 Rc4 36. Rxh6 Ree4 37. Rh8 Be5 38. R1h7+ Kf6 39. Rh6+ Kg7 40. Bc2 Rxg4 41. f6+ exf6 42. R6h7# 1-0

[Event "Titled Tuesday intern op 13th Aug Early"]
[Site "Chess.com INT"]
[Date "2024.08.13"]
[Round "6"]
[White "Sherali, Pattnaik"]
[Black "Amura, Claudia Noemi"]
[Result "0-1"]
[WhiteElo "2029"]
[BlackElo "2191"]
[PlyCount "82"]
[EventDate "2024.08.13"]
[EventType "swiss (blitz)"]
[EventRounds "11"]
[EventCountry "USA"]
[SourceTitle "EXT 2025"]
[Source "ChessBase"]
[SourceDate "2024.10.14"]
[SourceVersion "1"]
[SourceVersionDate "2024.10.14"]
[SourceQuality "1"]

1. e4 c5 2. Nf3 Nc6 3. d4 cxd4 4. Nxd4 g6 5. c4 Bg7 6. Be3 Nf6 7. Nc3 0-0 8. Be2 d6 9. 0-0 Bd7 10. Qd2 Nxd4 11. Bxd4 Qe8 12. Rfe1 Bc6 13. f3 Nd7 14. Rac1 a5 15. Nd5 Qd8 16. f4 e5 17. Be3 exf4 18. Bxf4 Be5 19. Bxe5 dxe5 20. Rf1 Bxd5 21. Qxd5 Qb6+ 22. Kh1 Rad8 23. b3 Kg7 24. c5 Qc6 25. Rfd1 Nf6 26. Qxe5 Rde8 27. Qb2 Qxe4 28. Bf3 Qe7 29. c6 bxc6 30. Bxc6 Rc8 31. Rf1 Rfd8 32. Rce1 Qd6 33. Bb7 Rc5 34. Rf2 Rh5 35. g3 Rb8 36. Ref1 Rf5 37. Be4 Rxf2 38. Rxf2 Rb6 39. g4 Qd1+ 40. Kg2 Qxg4+ 41. Kf1 Qxe4 0-1

[Event "Titled Tuesday intern op 13th Aug Early"]
[Site "Chess.com INT"]
[Date "2024.08.13"]
[Round "4"]
[White "Sherali, Pattnaik"]
[Black "Ocido, Michael"]
[Result "0-1"]
[WhiteElo "2029"]
[BlackElo "2102"]
[PlyCount "84"]
[EventDate "2024.08.13"]
[EventType "swiss (blitz)"]
[EventRounds "11"]
[EventCountry "USA"]
[SourceTitle "EXT 2025"]
[Source "ChessBase"]
[SourceDate "2024.10.14"]
[SourceVersion "1"]
[SourceVersionDate "2024.10.14"]
[SourceQuality "1"]

1. e4 e6 2. d4 d5 3. Nd2 a6 4. Ngf3 c5 5. c3 Nc6 6. e5 Qb6 7. Nb3 cxd4 8. cxd4 a5 9. Be3 a4 10. Nbd2 Nge7 11. Bd3 Qxb2 12. Kf1 Qc3 13. Qe2 Nb4 14. Bb5+ Nec6 15. Rb1 Nc2 16. g3 Nxe3+ 17. fxe3 Bd7 18. Kg2 Qa5 19. Rhc1 Ba3 20. Rc2 0-0 21. Ng5 h6 22. Nh3 Rac8 23. Bxc6 Rxc6 24. Rxc6 Bxc6 25. Nf4 Be7 26. Nf1 b5 27. Qg4 Qc3 28. Nh5 g6 29. Rd1 b4 30. Nf6+ Bxf6 31. exf6 b3 32. axb3 axb3 33. Qf4 Kh7 34. Qd6 Ra8 35. Kg1 Bb5 36. Qe7 Kg8 37. Qb7 Qc6 38. Qxc6 Bxc6 39. Rb1 Ba4 40. Nd2 Rb8 41. Rb2 Rc8 42. Kf2 Rc2 0-1

[Event "Titled Tuesday intern op 13th Aug Early"]
[Site "Chess.com INT"]
[Date "2024.08.13"]
[Round "9"]
[White "Sherali, Pattnaik"]
[Black "Smirnova, Polina A"]
[Result "1-0"]
[WhiteElo "2029"]
[BlackElo "1963"]
[PlyCount "55"]
[EventDate "2024.08.13"]
[EventType "swiss (blitz)"]
[EventRounds "11"]
[EventCountry "USA"]
[SourceTitle "EXT 2025"]
[Source "ChessBase"]
[SourceDate "2024.10.14"]
[SourceVersion "1"]
[SourceVersionDate "2024.10.14"]
[SourceQuality "1"]

1. e4 c6 2. d4 d5 3. Nd2 dxe4 4. Nxe4 Bf5 5. Ng3 Bg6 6. h4 h6 7. h5 Bh7 8. Bd3 Bxd3 9. Qxd3 e6 10. Nf3 Nd7 11. Bf4 Ngf6 12. 0-0-0 Be7 13. Kb1 0-0 14. Ne5 a5 15. Ne4 Nxe4 16. Qxe4 Nf6 17. Qe2 a4 18. a3 Nd5 19. Bd2 Qc7 20. c4 Nf6 21. f4 Rfd8 22. g4 Rxd4 23. g5 hxg5 24. h6 Re4 25. h7+ Nxh7 26. Qxe4 f5 27. Qe2 g4 28. Qh2 1-0